[Event "ISR Youth-Ch Finals 2021 U18"]
[Site "Ramat Hasharon"]
[Date "2021.03.24"]
[Round "7.4"]
[White "Kochavi, Ori"]
[Black "Milikow, Yoav"]
[Result "0-1"]
[WhiteElo "2273"]
[BlackElo "2302"]
[Annotator "RC"]
[PlyCount "138"]
[EventDate "2021.03.19"]
[EventType "swiss"]
[EventCountry "ISR"]
[SourceTitle "playchess.com"]
[Source "ChessBase"]
[SourceQuality "1"]
[TimeControl "5400+30"]

1. c4 {[%emt 0:00:00]} c5 {[%emt 0:00:00]} 2. Nc3 {[%emt 0:00:17]} Nc6 {[%emt 0:02:33]} 3. Nf3 {[%emt 0:00:22]} g6 {[%emt 0:00:55]} 4. d4 {[%emt 0:01:43]} cxd4 {[%emt 0:00:28]} 5. Nxd4 {[%emt 0:00:05]} Bg7 {[%emt 0:00:10]} 6. Nxc6 {[%emt 0:00:57]} dxc6 {[%emt 0:04:57]} 7. Qxd8+ {[%emt 0:02:27]} Kxd8 {[%emt 0:01:49]} 8. Bf4 {[%emt 0:12:24]} Be6 {[%emt 0:03:20]} 9. e4 {[%emt 0:01:54]} Nf6 {[%emt 0:03:28]} 10. Be5 {[%emt 0:00:49]} Kc8 {[%emt 0:00:33]} 11. O-O-O {[%emt 0:10:19]} b6 {[%emt 0:00:41]} 12. f4 {[%emt 0:07:39]} Kb7 {[%emt 0:00:52]} 13. Be2 {[%emt 0:00:24]} h5 {[%emt 0:01:53]} 14. Rhf1 {[%emt 0:07:39]} Rad8 {[%emt 0:06:27]} 15. f5 {[%emt 0:12:32]} Bc8 {[%emt 0:00:50]} 16. Bd3 {[%emt 0:06:42]} gxf5 {[%emt 0:02:42]} 17. exf5 {[%emt 0:00:05]} Rhg8 {[%emt 0:00:34]} 18. Bf4 {[%emt 0:04:15]} Ng4 {[%emt 0:05:08]} 19. Bc2 {[%emt 0:02:42]} Bxc3 {[%emt 0:04:36]} 20. bxc3 {[%emt 0:00:46]} Rxd1+ {[%emt 0:01:21]} 21. Rxd1 {[%emt 0:03:09]} e5 {[%emt 0:00:35]} 22. fxe6 {[%emt 0:03:30]} Bxe6 {[%emt 0:00:11]} 23. h4 {[%emt 0:07:45]} Bxc4 {[%emt 0:04:02]} 24. Rd7+ {[%emt 0:00:52]} Ka6 {[%emt 0:00:17]} 25. a4 {[%emt 0:02:09]} Nf6 {[%emt 0:01:46]} 26. Rd4 {[%emt 0:00:03]} Be6 {[%emt 0:00:34]} 27. Bg5 {[%emt 0:01:00]} Nd7 {[%emt 0:02:18]} 28. g3 {[%emt 0:03:51]} Nc5 {[%emt 0:01:32]} 29. Kb2 {[%emt 0:00:29]} Bd5 {[%emt 0:01:05]} 30. Bd1 {[%emt 0:00:31]} Ne6 {[%emt 0:00:29]} 31. Bxh5 {[%emt 0:02:03]} Nxd4 {[%emt 0:04:01]} 32. cxd4 {[%emt 0:00:08]} Re8 {[%emt 0:00:43]} 33. Bd1 {[%emt 0:00:29]} Re1 {[%emt 0:00:40]} 34. Bg4 {[%emt 0:01:54]} Kb7 {[%emt 0:01:17]} 35. h5 {[%emt 0:00:13]} Be4 {[%emt 0:01:06]} 36. h6 {[%emt 0:05:53]} Bh7 {[%emt 0:01:14]} 37. Bh5 {[%emt 0:00:00]} Rf1 {[%emt 0:02:56]} 38. Bf4 {[%emt 0:00:00]} f6 {[%emt 0:00:18]} 39. Bf7 {[%emt 0:00:00]} Rd1 {[%emt 0:01:42]} 40. Kc3 {[%emt 0:00:00]} a5 {[%emt 0:01:08]} 41. Bc4 {[%emt 0:00:00]} Ka7 {[%emt 0:02:55]} 42. Bd6 {[%emt 0:00:00]} Rc1+ {[%emt 0:02:35]} 43. Kb3 {[%emt 0:00:04]} Rh1 {[%emt 0:01:22]} 44. Bf4 {[%emt 0:00:33]} Rb1+ {[%emt 0:02:41]} 45. Kc3 {[%emt 0:00:04]} b5 {[%emt 0:01:17]} 46. axb5 {[%emt 0:00:04]} cxb5 {[%emt 0:00:07]} 47. Be6 {[%emt 0:00:02]} Rd1 {[%emt 0:00:38]} 48. d5 {[%emt 0:00:18]} Rd3+ {[%emt 0:00:40]} 49. Kb2 {[%emt 0:00:01]} Kb6 {[%emt 0:31:04]} 50. d6 {[%emt 0:05:54]} Kc6 {[%emt 0:00:00]} 51. Bb3 {[%emt 0:00:00]} Rd4 {[%emt 0:00:00]} 52. Kc3 {[%emt 0:00:00]} Rxf4 {[%emt 0:00:00]} 53. gxf4 {[%emt 0:01:30]} Kxd6 {[%emt 0:00:00]} 54. Bc2 {[%emt 0:00:00]} b4+ {[%emt 0:00:00]} 55. Kd2 {[%emt 0:00:00]} f5 {[%emt 0:00:00]} 56. Bb3 {[%emt 0:00:00]} Kc5 57. Kd3 {[%emt 0:02:00]} Kb5 {[%emt 0:00:00]} 58. Bf7 {[%emt 0:00:00]} Ka4 {[%emt 0:00:00]} 59. Kc2 {[%emt 0:00:00]} Ka3 {[%emt 0:00:00]} 60. Kb1 {[%emt 0:00:00]} b3 {[%emt 0:00:00]} 61. Ka1 {[%emt 0:00:00]} Kb4 62. Kb2 {[%emt 0:00:24]} a4 63. Kc1 {[%emt 0:01:03]} Kc3 64. Kb1 {[%emt 0:02:03]} a3 {[%emt 0:07:30]} 65. Ka1 {[%emt 0:00:00]} Kc2 {[%emt 0:00:00]} 66. Bxb3+ {[%emt 0:00:00]} Kxb3 {[%emt 0:00:00]} 67. Kb1 {[%emt 0:00:00]} Bg8 {[%emt 0:00:00]} 68. Ka1 {[%emt 0:00:00]} Kc3 {[%emt 0:00:00]} 69. h7 Bxh7 {[%emt 0:00:00]} 0-1

[Event "ISR Youth-Ch Finals 2021 U18"]
[Site "Ramat Hasharon"]
[Date "2021.03.24"]
[Round "7.5"]
[White "Zemach, Roee"]
[Black "Cohen Revivo, Shoham"]
[Result "1/2-1/2"]
[WhiteElo "2292"]
[BlackElo "2171"]
[Annotator "TA"]
[PlyCount "60"]
[EventDate "2021.03.19"]
[EventType "swiss"]
[EventCountry "ISR"]
[SourceTitle "playchess.com"]
[Source "ChessBase"]
[SourceQuality "1"]

{[%evp 9,60,12,69,83,82,54,77,45,59,43,73,83,87,62,130,52,54,61,56,18,78,29,6,0,0,0,241,235,212,64,57,59,68,52,72,20,60,59,68,60,63,56,58,26,35,30,34,35,38,40,41,42,38]} 1. d4 Nf6 2. Bg5 d5 3. e3 c5 4. Bxf6 gxf6 5. dxc5 e5 (5... Nc6 $11) 6. Nc3 {D00: 1 d4 d5: Unusual lines.} Be6 7. Qf3 {[#]} Nc6 $146 ({Predecessor:} 7... h5 8. Bb5+ Nc6 9. Nge2 Bxc5 10. O-O-O e4 11. Nxe4 Qb6 12. Bxc6+ bxc6 13. Nxc5 Qxc5 14. Qxf6 {1-0 (26) Midy,R (2155)-Dartige,T (1730) Angers 2019}) 8. O-O-O {[%cal Rc3d5] White is better.} Qa5 $1 9. Qxf6 Rg8 10. Bb5 $1 (10. Nxd5 $6 Bxd5 11. Rxd5 Qxa2 $11) 10... Bg7 11. Qh4 a6 (11... d4 $14 12. exd4 (12. Qxh7 $2 Kf8 $19) 12... exd4 13. Bxc6+ (13. Qxh7 $2 Kf8 $19) 13... bxc6 14. Rxd4 (14. Qxh7 $2 O-O-O $17) 14... Bxd4 15. Qxd4 Qd8) 12. Bxc6+ ({But not} 12. Qxh7 $6 O-O-O $11) (12. Ba4 $1 $16 Qxc5 13. Nge2 (13. Qxh7 O-O-O $11)) 12... bxc6 $14 13. Nge2 Rb8 14. Qxh7 Ke7 $1 15. f4 {Hoping for f5.} Qxc5 16. f5 Qxe3+ 17. Kb1 Bd7 {[#]} (17... e4 $1 $11 {and Black stays safe.} 18. b3 (18. fxe6 $2 Rxb2+ 19. Ka1 Rxc2 $19 {[%mdl 64] Double Attack}) 18... Bxc3 {[%mdl 64] Discovered Attack} 19. fxe6 Qxe2 20. Qxf7+ Kd6 21. Qd7+ Kc5 22. Qa7+ Kd6 23. Qd7+ Kc5 24. Qa7+ Kd6 25. Qd7+) 18. Rxd5 $1 $18 {[%mdl 512] Black must now prevent f6+!} Qg5 (18... Qf2 19. Ne4) 19. h4 Qxf5 $14 20. Qxf5 Bxf5 21. Ra5 Bc8 22. a3 ({White should play} 22. h5 $16) 22... f5 23. Rc5 Bd7 24. g3 Rbf8 25. Rf1 Bh8 26. Ra5 f4 27. gxf4 exf4 {Threatens to win with ...f3.} 28. Rxf4 {White is slightly better.} ({Of course not} 28. Nxf4 {[#]} Rxf4 $1 29. Rxf4 Rg1+ 30. Ka2 Be6+ 31. Nd5+ Bxd5+ 32. c4 Rg2 $1 $17 {[%mdl 64] Decoy}) 28... Rg1+ $1 29. Nxg1 Rxf4 30. Nge2 Rxh4 {Weighted Error Value: White=0.22/Black=0.22} 1/2-1/2

[Event "ISR Youth-Ch Finals 2021 U18"]
[Site "Ramat Hasharon"]
[Date "2021.03.24"]
[Round "7.6"]
[White "Gorshtein, Asaf"]
[Black "Iliaguev, Daniel"]
[Result "1/2-1/2"]
[WhiteElo "2122"]
[BlackElo "2103"]
[Annotator "TA"]
[PlyCount "101"]
[EventDate "2021.03.19"]
[EventType "swiss"]
[EventCountry "ISR"]
[SourceTitle "playchess.com"]
[Source "ChessBase"]
[SourceQuality "1"]

{[%evp 20,101,66,52,58,40,51,25,34,14,21,-17,-18,-14,-27,0,0,0,0,0,0,0,32,37,26,2,6,0,3,0,8,0,0,0,0,-24,-18,-14,-24,-14,0,-14,0,-33,0,-12,-14,-52,-56,-84,0,-105,-94,-121,-112,-98,-21,-22,-19,-19,-18,-29,-22,-24,0,-1,0,0,0,0,2,0,0,0,0,0,0,0,0,0,0,0,0,0]} 1. e4 c5 2. Ne2 g6 3. d4 cxd4 4. Nxd4 Bg7 5. c4 Nc6 6. Be3 Nf6 7. Nc3 d6 8. f3 O-O 9. Be2 Bd7 10. Qd2 Nxd4 11. Bxd4 a6 {B38: Sicilian: Maroczy Bind with 5...Bg7 and 7...0-0.} 12. g4 {[#]} b5 $146 ({Predecessor:} 12... Bc6 13. Be3 Nd7 14. Bh6 Re8 15. h4 Nf8 16. Bxg7 Kxg7 17. h5 Qa5 18. hxg6 fxg6 {1-0 (71) Smaraglay,B (2047)-Bognar,B (2025) Budapest 2011}) 13. g5 (13. h4 {keeps more tension.} h6 14. a3 bxc4 15. Bxc4 h5 16. g5) 13... Ne8 {White has an edge.} 14. Bxg7 (14. f4 {is more complex.} f5 15. h4 fxe4 16. h5 Bxd4 17. Qxd4 gxh5 18. Bxh5 Ng7 19. g6) 14... Nxg7 15. cxb5 axb5 16. Bxb5 Bxb5 17. Nxb5 Qb6 18. Nc3 Rfb8 $1 19. b3 Ne6 20. Nd5 Qd4 21. Qxd4 ({Much weaker is} 21. Nxe7+ Kf8 $17) 21... Nxd4 22. O-O ({Reject} 22. Nxe7+ Kf8 $17) 22... e6 23. Ne3 Kg7 24. Kf2 Rc8 25. Nc4 Ra6 26. Rfc1 Rca8 {Hoping for ...Nxb3!} 27. Rc3 (27. Rd1 {looks sharper.} e5 28. a4 Nxb3 29. Ra3 Nd4 30. a5) 27... Rxa2+ 28. Rxa2 Rxa2+ $11 {[%mdl 4096] Endgame KRN-KRN} 29. Ke3 Nc2+ 30. Kf4 Nd4 {White must now prevent ...Ne2+.} 31. Ke3 Nc2+ (31... Nb5 {is interesting.} 32. Rd3 Rxh2 33. Nxd6 Nxd6 34. Rxd6 Rg2) 32. Kf4 e5+ 33. Kg4 Nd4 {Strongly threatening ...Rg2+.} 34. Nxd6 Ne6 (34... Rg2+ $17 35. Kh4 Ne6) 35. Ne8+ (35. Kg3 $11 {keeps the balance.}) 35... Kf8 $17 36. Nf6 {[#]} Rg2+ 37. Kh4 {[#]} Nxg5 (37... h6 $1 $17 {[%cal Rh6g5]} 38. Nd5 (38. gxh6 $2 {leads to mate.} g5+ 39. Kh5 Nf4#) 38... hxg5+ 39. Kh3 Rg1) 38. Nd7+ $11 Kg7 {...Ne6 is the strong threat.} 39. Nxe5 Ne6 {( -> ...g5+)} 40. Nd3 $1 Rxh2+ 41. Kg3 Rh1 42. Rc1 {The position is equal.} Rh5 43. b4 Rb5 44. Kf2 h5 45. Ke3 g5 46. Rb1 h4 47. f4 gxf4+ 48. Nxf4 Nxf4 49. Kxf4 Kf6 50. Rb3 h3 51. Rxh3 {Weighted Error Value: White=0.12/Black=0.09} 1/2-1/2

[Event "ISR Youth-Ch Finals 2021 U18"]
[Site "Ramat Hasharon"]
[Date "2021.03.24"]
[Round "7.7"]
[White "Sheinkman, Lidan"]
[Black "Kadria, Shay"]
[Result "1/2-1/2"]
[WhiteElo "1895"]
[BlackElo "2086"]
[Annotator "TA"]
[PlyCount "67"]
[EventDate "2021.03.19"]
[EventType "swiss"]
[EventCountry "ISR"]
[SourceTitle "playchess.com"]
[Source "ChessBase"]
[SourceQuality "1"]

{[%evp 17,67,43,47,41,93,91,86,35,44,42,44,33,31,37,43,37,40,19,29,13,18,18,34,22,29,0,0,0,0,-57,-54,-48,-49,-50,-58,-68,-7,-70,-66,-91,-8,-8,-8,-8,-8,-24,-24,-24,0,-20,0,-96]} 1. d4 Nf6 2. c4 e6 3. g3 Bb4+ 4. Bd2 a5 5. Bg2 O-O 6. Nf3 d6 7. O-O Bxd2 8. Qxd2 Qe7 9. Nc3 e5 10. e4 {E11: Bogo-Indian.} exd4 (10... Re8 $14) 11. Nxd4 $16 Nc6 12. Nd5 (12. Ndb5 $16) 12... Nxd5 $14 13. cxd5 Nxd4 14. Qxd4 {[#]} c5 $146 ({Predecessor:} 14... f5 15. Rac1 f4 16. Qc3 Qg5 17. Qxc7 f3 18. Bh1 Bh3 19. Rfe1 Rac8 {0-1 (19) Klimkowski,J (2305)-Gazik,V (2542) Chess.com INT 2020}) 15. dxc6 bxc6 16. Rfd1 Rd8 17. Rac1 {And now e5 would win.} Bb7 18. Re1 c5 19. Qc3 f6 20. Qb3+ Qf7 21. Qxf7+ Kxf7 22. f4 a4 {[%cal Ba5a4,Ba4a3][%mdl 32]} 23. e5 (23. Red1 $11) 23... Bxg2 $15 24. Kxg2 dxe5 25. fxe5 {[%mdl 4096] Endgame KRR-KRR} Rd2+ 26. Kh3 Re8 (26... Rxb2 $15 27. a3 Ra5 28. exf6 gxf6) 27. b3 (27. Rxc5 $11 Rxe5 28. Rexe5 fxe5 29. Ra5) 27... a3 28. Rxc5 {[#]} fxe5 (28... Re6 $1 $17 29. Ra5 (29. Rc7+ Kg6 $17) 29... Rxa2) 29. Rcxe5 Rxe5 30. Rxe5 Rxa2 {Strongly threatening ...Rb2. KR-KR} 31. Ra5 Kf6 {White should prevent ...Ra1.} 32. g4 g5 33. Kg3 Ke6 {aiming for ...Ra1.} 34. b4 {Weighted Error Value: White=0.19/Black=0.16} (34. Rxg5 $11 {remains equal.} Rb2 35. Ra5 Rxb3+ 36. Kf4) 1/2-1/2

[Event "ISR Youth-Ch Finals 2021 U18"]
[Site "Ramat Hasharon"]
[Date "2021.03.24"]
[Round "7.8"]
[White "Levitan, Ronit"]
[Black "Gov, Guy"]
[Result "0-1"]
[WhiteElo "2048"]
[BlackElo "2095"]
[Annotator "TA"]
[PlyCount "92"]
[EventDate "2021.03.19"]
[EventType "swiss"]
[EventCountry "ISR"]
[SourceTitle "playchess.com"]
[Source "ChessBase"]
[SourceQuality "1"]

{[%evp 10,92,4,-13,-10,-42,-13,-11,-9,-6,-5,7,0,-18,22,22,41,43,44,27,43,27,162,155,173,156,200,179,175,125,152,142,197,145,159,0,27,0,0,-303,0,0,0,0,0,0,0,-16,-6,-27,-7,-122,-117,-123,-116,-123,-130,-125,-125,-172,-111,-125,-114,-146,-152,-224,-221,-214,-235,-401,-411,-461,-434,-901,-884,-826,-779,-7472,-6552,-6433,-6433,-6070,2056,1890,1453]} 1. e4 Nc6 2. d4 d5 3. exd5 Qxd5 4. Nf3 Bg4 5. Be2 O-O-O 6. c3 e5 $1 {[%cal Re5d4] B01: Scandinavian Defence.} 7. c4 Qa5+ 8. Bd2 Bb4 {The position is equal.} 9. d5 Bxf3 10. Bxf3 Nd4 11. Nc3 Nf6 12. a3 {[%cal Ba2a3,Ba3a4][%mdl 32] [#]} Nxf3+ $146 ({Predecessor:} 12... Bxc3 13. Bxc3 Qc5 14. Bxd4 exd4 15. Be2 Rhe8 16. O-O Kb8 17. b4 Qd6 18. Bf3 Qf4 {1-0 (58) Borisovsky,D (2297)-Usmanov,V (2483) St Petersburg 2018}) 13. Qxf3 Bxc3 14. Bxc3 Qa4 {[%cal Ra4c4]} 15. Qe2 Qb3 (15... b5 $11 {and Black has nothing to worry.}) 16. a4 $18 {Strongly threatening Ba5.} (16. Bxe5 $2 Rhe8 $19) 16... Qb6 17. O-O ({Not} 17. Qxe5 $2 Rhe8 $19) 17... Nd7 18. b4 Rhe8 19. c5 Qg6 20. Rfd1 e4 (20... Nf6 $16 {was necessary.}) 21. c6 (21. d6 $1 $18 {c6! is the strong threat.} cxd6 22. Rxd6) 21... Nb6 $16 22. Qb5 (22. cxb7+ $16 Kb8 23. Bd4) 22... a6 $1 $11 {[%cal Ra6b5]} 23. Qa5 e3 {And now ...exf2+ would win.} 24. fxe3 {[%mdl 8192] [#]} (24. Be1 $11) 24... Rxe3 $2 (24... Nc4 $1 $19 {[%cal Rc4a5]} 25. Qc5 (25. cxb7+ $2 Kb8 $19) 25... Nxe3 {[%mdl 64] Double Attack}) 25. cxb7+ $1 Kxb7 {( -> ...Re2)} 26. Qc5 $1 {[%cal Rc5e3]} Re2 $40 {[%csl Ge2][%cal Rg6g2][%mdl 128] White needs to defend precisely.} 27. Qc6+ $1 Kc8 {[%csl Ge2][%cal Rg6g2]} 28. Qxg6 (28. d6 {feels hotter.} Rxd6 29. Rxd6 Qxd6 30. Qxd6 cxd6 31. Bxg7 Nc4 32. b5) 28... hxg6 29. Bxg7 Nxd5 30. Bd4 (30. b5 $11 {remains equal.}) 30... Nxb4 $17 31. Bf6 Rd5 32. Re1 Rdd2 33. Rxe2 Rxe2 {[%mdl 4096] Endgame KRB-KRN} 34. a5 Nd3 (34... c5 $19 35. Rf1 Kd7) 35. g3 c5 36. Rd1 c4 37. h4 {[#]} (37. Rb1 $17) 37... Kd7 $1 $19 38. Rb1 Ke6 39. Rf1 (39. Rb6+ Kf5 40. Rxa6) 39... Ne5 40. Bg5 c3 41. Bc1 (41. Rf6+ $142 Kd5 42. Kf1) 41... c2 42. Ba3 Nd3 43. g4 Re1 44. Rxe1+ Nxe1 45. h5 Nd3 $4 {[%mdl 8192]} (45... gxh5 $19 46. gxh5 Nd3) 46. h6 $18 Kf6 {[%mdl 32768] A wild game.  Weighted Error Value: White=0.76/Black=0.19. Sensor Board Error (Ke4/e5)?} 0-1

[Event "ISR Youth-Ch Finals 2021 U18"]
[Site "Ramat Hasharon"]
[Date "2021.03.24"]
[Round "7.9"]
[White "Neiman, Maks"]
[Black "Stolyarsky, Yegor"]
[Result "0-1"]
[WhiteElo "1993"]
[BlackElo "2063"]
[Annotator "TA"]
[PlyCount "67"]
[EventDate "2021.03.19"]
[EventType "swiss"]
[EventCountry "ISR"]
[SourceTitle "playchess.com"]
[Source "ChessBase"]
[SourceQuality "1"]

{[%evp 9,67,-4,12,3,12,15,21,19,24,22,26,16,24,18,20,17,24,0,12,0,0,0,54,54,51,0,0,0,90,90,86,89,149,144,144,144,119,26,35,0,0,-55,0,0,0,0,862,-616,-614,-592,-590,-530,-229,-243,-233,-221,-84,-602,-301,-802]} 1. d4 Nf6 2. Bg5 g6 3. Bxf6 exf6 4. c4 f5 5. Nc3 h5 6. h4 {A45: Trompowsky Attack.} Bh6 7. e3 O-O 8. g3 {The position is equal.} d6 9. Bg2 Nd7 10. Nge2 Nf6 11. O-O c6 {[#]} 12. Qd3 $146 ({Predecessor:} 12. Nf4 Bd7 13. b4 Ng4 14. b5 g5 15. hxg5 Qxg5 16. bxc6 bxc6 17. Qf3 Rfe8 18. Rab1 {0-1 (47) Bordi,K (2288)-Safarli,E (2598) Chess.com INT 2020}) 12... Re8 13. b4 {[%cal Bb2b4,Bb4b5][%mdl 32]} Rb8 14. a4 Ng4 15. b5 c5 (15... Bd7 $11) 16. Nd5 $14 Be6 17. Rad1 ({White should play} 17. Nef4 $14) 17... Bxd5 $11 18. Bxd5 (18. cxd5 cxd4 19. exd4 (19. Nxd4 Bxe3 20. Bf3 Nxf2 $17) 19... f4 $17) 18... Bxe3 (18... cxd4 $11 19. exd4 (19. Nxd4 Nxe3 20. fxe3 Rxe3 $11) 19... Qa5) 19. fxe3 $16 Nxe3 20. Nf4 Nxd1 (20... Kg7 $142) 21. Rxd1 {Strongly threatening dxc5.} Qf6 22. dxc5 dxc5 23. Nh3 ({White should try} 23. Qa3 $16) 23... Re7 $11 24. Qf3 Rbe8 {[%cal Bb8e8,Be8e1,Be1d1][%mdl 32]} 25. Ng5 (25. Bxb7 $11 Kg7 26. Bc6) 25... Re1+ ({Better is} 25... Kg7 $15 26. Qf2 b6) 26. Rxe1 Rxe1+ 27. Kf2 $1 Qa1 $2 {[%mdl 8192]} (27... Ra1 $11 28. Qe2 Kg7 29. Nxf7 f4) 28. Qd3 $4 {[%mdl 8192]} (28. Bxf7+ $18 Kh8 29. Qxb7 Rf1+ 30. Kg2 Rg1+ 31. Kh2) 28... Rd1 $1 $19 {[%cal Rd1d3]} 29. Qc2 Rb1 ({Less strong is} 29... Qd4+ 30. Ke2 $17) 30. Kf3 Rg1 (30... Kg7 $142 {White must now prevent ...Qa3+.} 31. Qd3 Rd1) 31. Qd3 {[#]} Qe1 $1 32. Kf4 {[#]} Kg7 ({Not} 32... Rf1+ 33. Nf3 $15) (32... Qf2+ $1 $19 33. Ke5 Re1+ 34. Kd6 Re3) 33. Bxb7 $2 {[%mdl 8192]} (33. Qe3 $17) 33... Qe7 {Threatens to win with ...Qc7+.} 34. Kf3 $2 {Weighted Error Value: White=0.59/Black=0.37} (34. Qe3 Qd6+ 35. Qe5+ Qxe5+ 36. Kxe5 f6+ {[%mdl 64] Double Attack} 37. Kf4 fxg5+ 38. hxg5) 0-1

[Event "ISR Youth-Ch Finals 2021 U18"]
[Site "Ramat Hasharon"]
[Date "2021.03.24"]
[Round "7.10"]
[White "Friedland, Eldar"]
[Black "Sobel, Ido"]
[Result "1-0"]
[WhiteElo "2034"]
[BlackElo "1885"]
[Annotator "TA"]
[PlyCount "87"]
[EventDate "2021.03.19"]
[EventType "swiss"]
[EventCountry "ISR"]
[SourceTitle "playchess.com"]
[Source "ChessBase"]
[SourceQuality "1"]

{[%evp 15,87,11,49,38,47,39,40,35,42,33,28,19,23,23,26,31,38,48,80,38,81,83,206,210,202,215,206,197,192,108,550,559,554,516,504,318,323,337,367,279,254,186,360,169,162,133,170,116,124,125,266,279,254,269,261,239,340,322,388,360,356,368,411,395,573,552,498,560,549,534,1247,1249,1352,1319]} 1. d4 d5 2. c4 e6 3. Nc3 Nf6 4. cxd5 exd5 5. Bg5 Be7 6. e3 O-O 7. Bd3 h6 8. Bh4 c5 9. dxc5 {D35: Queen's Gambit Declined: Exchange Variation.} Nbd7 10. Nge2 Nxc5 11. Bc2 {White is slightly better. is the legacy move (11.0-0).} b6 {[#]} 12. O-O $146 ({Predecessor:} 12. Nd4 Bb7 13. Nf5 Re8 14. O-O Bf8 15. b4 Ncd7 16. a3 a5 17. Ba4 axb4 18. axb4 {1-0 (89) Straka,Z (2550)-Dimov,I (2477) ICCF email 2014}) 12... Bb7 13. Nd4 Nfe4 14. Bxe7 Qxe7 15. Nce2 {[%cal Bc3e2,Be2f4,Bf4d5][%mdl 32]} Rad8 16. Rc1 Rfe8 17. Nf4 Ba6 18. Re1 Qf6 (18... Bb7 $16 {keeps fighting.}) 19. f3 $1 $18 Nd6 20. Nxd5 Qg5 {[#]} 21. Nc6 $1 {[%csl LRa7,LRd8]} Rd7 {[#]} 22. b4 (22. Nce7+ $1 $18 {[%mdl 512]} Kf8 23. b4) 22... Ncb7 $2 {[%mdl 8192]} (22... Nc4 $16 {is tougher.} 23. e4 (23. bxc5 Rxd5 {[%mdl 64] Double Attack} 24. f4 Rxd1 $11) 23... Nb2) 23. f4 Qh4 24. Ne5 Rdd8 25. Qf3 {And now g3 would win.} Rc8 {Hoping for ...Rxc2!} 26. g3 Qd8 27. Bb1 Bc4 28. Rcd1 b5 $2 (28... Bxd5 29. Qxd5 Rc3) 29. e4 (29. Nxc4 $142 Nxc4 30. e4) 29... Bxd5 30. exd5 Qb6+ 31. Qf2 (31. Kg2 $18) 31... Qxf2+ $16 32. Kxf2 f6 (32... a5 $16 33. a3 axb4) 33. Nc6 $18 Kf7 34. Bd3 a6 35. h4 Rxe1 (35... g6 $142 36. Rc1 Rxe1 37. Rxe1 Re8 38. Rxe8 Nxe8) 36. Rxe1 ({Less strong is} 36. Kxe1 Nd8 $16) 36... Re8 37. Rxe8 Nxe8 {[%mdl 4096] Endgame KBN-KNN} 38. Ke3 Nc7 39. Kd4 Ke8 (39... Ne8 $142 40. h5 Kf8) 40. h5 {White is clearly winning.} Kd7 41. Bf5+ Ke8 42. g4 Nd6 43. Kc5 Nc4 44. d6 {Weighted Error Value: White=0.22/Black=0.52} 1-0

[Event "ISR Youth-Ch Finals 2021 U18"]
[Site "Ramat Hasharon"]
[Date "2021.03.24"]
[Round "7.11"]
[White "Sobel, Alon"]
[Black "Mondri, Nadav"]
[Result "1-0"]
[WhiteElo "1825"]
[BlackElo "1803"]
[Annotator "NA RC"]
[PlyCount "79"]
[EventDate "2021.03.19"]
[EventType "swiss"]
[EventCountry "ISR"]
[SourceTitle "playchess.com"]
[Source "ChessBase"]
[SourceQuality "1"]
[TimeControl "5400+30"]

1. f4 {[%emt 0:03:07]} d5 {[%emt 0:01:03]} 2. Nf3 {[%emt 0:00:30]} c5 {[%emt 0:00:30]} 3. e3 {[%emt 0:00:30]} Nf6 {[%emt 0:00:30]} 4. d4 {[%emt 0:00:30]} Nc6 {[%emt 0:04:44]} 5. Be2 {[%emt 0:00:43]} Bf5 {[%emt 0:00:30]} 6. O-O {[%emt 0:00:30]} e6 {[%emt 0:00:30]} 7. Ne5 {[%emt 0:00:30]} h6 {[%emt 0:17:31]} 8. c3 {[%emt 0:18:16]} Be7 {[%emt 0:01:04]} 9. Bb5 {[%emt 0:03:03]} Qb6 {[%emt 0:00:39]} 10. Bxc6+ {[%emt 0:01:11]} bxc6 {[%emt 0:00:27]} 11. Nd2 {[%emt 0:03:12]} O-O {[%emt 0:02:05]} 12. g4 {[%emt 1:03:58]} Bh7 {[%emt 0:06:01]} 13. g5 {[%emt 0:00:00]} Ne4 {[%emt 0:02:51]} 14. g6 {[%emt 0:00:00]} Bxg6 {[%emt 0:02:50]} 15. Nd7 {[%emt 0:00:00]} Qc7 {[%emt 0:02:15]} 16. Nxf8 {[%emt 0:00:00]} Rxf8 {[%emt 0:02:29]} 17. Nxe4 {[%emt 0:00:00]} Bxe4 {[%emt 0:00:08]} 18. Bd2 {[%emt 0:00:00]} g5 {[%emt 0:03:15]} 19. Qh5 {[%emt 0:00:00]} Kh7 {[%emt 0:01:24]} 20. dxc5 {[%emt 0:04:00]} gxf4 {[%emt 0:01:12]} 21. Rxf4 {[%emt 0:00:00]} f5 {[%emt 0:08:20]} 22. Kf2 {[%emt 0:00:00]} Bxc5 {[%emt 0:07:24]} 23. Rh4 {[%emt 0:00:00]} Qg7 {[%emt 0:01:26]} 24. Rg1 {[%emt 0:00:00]} Qf6 {[%emt 0:00:44]} 25. Ke2 {[%emt 0:00:00]} Rf7 {[%emt 0:09:27]} 26. c4 {[%emt 0:00:00]} Rb7 {[%emt 0:02:09]} 27. b3 {[%emt 0:00:00]} e5 {[%emt 0:09:21]} 28. Bc3 {[%emt 0:00:00]} d4 {[%emt 0:01:18]} 29. exd4 exd4 {[%emt 0:00:49]} 30. Bd2 {[%emt 0:00:00]} d3+ {[%emt 0:00:57]} 31. Kf1 {[%emt 0:00:00]} Qa1+ {[%emt 0:03:25]} 32. Be1 {[%emt 0:00:00]} Qf6 {[%emt 0:00:54]} 33. Bc3 {[%emt 0:00:09]} Qe6 {[%emt 0:02:14]} 34. Rxe4 {[%emt 0:01:49]} fxe4 {[%emt 0:00:59]} 35. Qxc5 {[%emt 0:00:07]} Rf7+ {[%emt 0:01:13]} 36. Ke1 {[%emt 0:00:29]} e3 {[%emt 0:03:11]} 37. Qe5 {[%emt 0:05:02]} d2+ {[%emt 0:01:26]} 38. Ke2 {[%emt 0:00:43]} d1=Q+ {[%emt 0:01:11]} 39. Kxd1 {[%emt 0:00:22]} Rd7+ {[%emt 0:00:32]} 40. Kc1 {[%emt 0:00:13]} 1-0